Manual de búsqueda y uso SINIM online
Wedi'i Gadw mewn:
| Awdur Corfforaethol: | |
|---|---|
| Fformat: | Llyfr |
| Iaith: | Sbaeneg |
| Cyhoeddwyd: |
Santiago
Ministerio de Interior. SUBDERE
2010
|
| Pynciau: | |
| Tagiau: |
Ychwanegu Tag
Dim Tagiau, Byddwch y cyntaf i dagio'r cofnod hwn!
|
MARC
| LEADER | 00000cam a2200000 a 4500 | ||
|---|---|---|---|
| 001 | UCG9607 | ||
| 003 | CL-VaPUC | ||
| 008 | 120323e20100000CL |||||||||||||||||spa|d | ||
| 082 | 0 | 4 | |a 658.401 |b MIN |2 21 |
| 110 | 2 | |a Ministerio del Interior |e author |9 561236 | |
| 245 | 1 | 0 | |a Manual de búsqueda y uso SINIM online |
| 246 | 1 | 0 | |a Sistema Nacional de Información Municipal SINIM |
| 300 | |a 64 p | ||
| 942 | |c BK | ||
| 945 | |d 20120323 00:00:00 |a dcastane | ||
| 260 | |a Santiago |b Ministerio de Interior. SUBDERE |c 2010 | ||
| 650 | 0 | |a Administración |9 259325 | |
| 650 | 0 | |a Planificación estratégica |9 259735 | |
| 650 | 0 | |a Operaciones administrativas |9 335045 | |
| 650 | 7 | |a INFORMACION ADMINISTRATIVA |2 CL-VaPUC |9 369052 | |
| 650 | 0 | |a Municipalidades |9 255557 | |
| 650 | 0 | |a Manuales |9 257144 | |
| 583 | |a last modification |c 20120323 11:52:00 |k Rodrigo Vera | ||
| 999 | |c 347153 |d 347151 | ||
| 952 | |0 0 |1 0 |4 0 |6 658_401000000000000_MIN_2010 |7 0 |8 F |9 448301 |a BIBING |b BIBING |d 2019-11-22 |i 4844564 |o 658.401 MIN 2010 |p 4844564 |r 2025-01-20 |w 2019-11-22 |y BK_F |k GEO | ||